[Event "Goodricke op 03rd"]
[Site "Kolkata"]
[Date "1992.??.??"]
[Round "1"]
[White "Gupta, Radhey S"]
[Black "Sahu, Sekhar Chandra"]
[Result "0-1"]
[WhiteElo "2255"]
[BlackElo "2425"]
[PlyCount "68"]
[EventDate "1992.01.??"]
[EventType "swiss"]
[EventRounds "11"]
[EventCountry "IND"]
[SourceTitle "CBM 027 Extra"]
[Source "ChessBase"]
[SourceDate "1992.05.01"]
[SourceVersion "1"]
[SourceVersionDate "1992.05.01"]
[SourceQuality "1"]

1. e4 c5 2. Nf3 Nc6 3. Nc3 Nf6 4. d4 cxd4 5. Nxd4 d6 6. Bg5 e6 7. Qd2 Be7 8. 0-0-0 0-0 9. f3 d5 10. exd5 Nxd5 11. Bxe7 Ncxe7 12. Nxd5 Qxd5 13. Nb3 Qc6 14. Bd3 Qc7 15. Rhe1 Nd5 16. Kb1 a5 17. Nd4 Bd7 18. Re4 Nb4 19. Rh4 f5 20. Qe2 Nxd3 21. Qxd3 Rad8 22. Re1 e5 23. Nb5 Qc5 24. Nc3 Qf2 25. Qc4+ Kh8 26. Rc1 b5 27. Rf1 Qxg2 28. Qe2 Qxe2 29. Nxe2 b4 30. Nc1 Bc6 31. Nb3 g5 32. Rh6 Bd5 33. Nxa5 Bxf3 34. Nc4 Be2 0-1

[Event "Goodricke op 03rd"]
[Site "Kolkata"]
[Date "1992.??.??"]
[Round "5"]
[White "Gupta, Radhey S"]
[Black "Tilak, Sharad S"]
[Result "0-1"]
[WhiteElo "2255"]
[BlackElo "2300"]
[PlyCount "122"]
[EventDate "1992.01.??"]
[EventType "swiss"]
[EventRounds "11"]
[EventCountry "IND"]
[SourceTitle "CBM 027 Extra"]
[Source "ChessBase"]
[SourceDate "1992.05.01"]
[SourceVersion "1"]
[SourceVersionDate "1992.05.01"]
[SourceQuality "1"]

1. e4 c5 2. Nf3 e6 3. d4 cxd4 4. Nxd4 Nf6 5. Nc3 d6 6. Be2 a6 7. 0-0 Be7 8. f4 Qc7 9. Kh1 0-0 10. Qe1 Nc6 11. Be3 Nxd4 12. Bxd4 b5 13. a3 Bb7 14. Qg3 Bc6 15. Rae1 Rac8 16. e5 dxe5 17. Bxe5 Qb7 18. Bd3 g6 19. f5 Nh5 20. Qg4 exf5 21. Bxf5 Rce8 22. Bd3 f5 23. Qh3 Bg5 24. Re2 Rxe5 25. Rxe5 Nf4 26. Rxf4 Bxf4 27. Re2 Bc1 28. Nd1 Re8 29. Rxe8+ Bxe8 30. Qh4 Bc6 31. Qf2 Qe7 32. Kg1 Qe5 33. Qe2 Qxe2 34. Bxe2 Kg7 35. c4 bxc4 36. Bxc4 Bb7 37. Kf2 Kf6 38. a4 a5 39. b3 Ke5 40. Nc3 Bd2 41. Ne2 g5 42. Ng1 Bb4 43. Nf3+ Kf6 44. g3 Bc5+ 45. Ke2 g4 46. Nh4 Be4 47. Kf1 Ke5 48. Ng2 h6 49. Nf4 Be3 50. Ne6 f4 51. gxf4+ Bxf4 52. Nxf4 Kxf4 53. Kf2 h5 54. Bf7 h4 55. Be6 g3+ 56. hxg3+ hxg3+ 57. Ke1 Ke3 58. Bh3 Bd5 59. Kf1 Bxb3 60. Kg2 Bxa4 61. Kxg3 Bc6 0-1

[Event "Goodricke op 03rd"]
[Site "Kolkata"]
[Date "1992.??.??"]
[Round "4"]
[White "Koshy, Varugeese"]
[Black "Gupta, Radhey S"]
[Result "1/2-1/2"]
[WhiteElo "2315"]
[BlackElo "2255"]
[PlyCount "97"]
[EventDate "1992.01.??"]
[EventType "swiss"]
[EventRounds "11"]
[EventCountry "IND"]
[SourceTitle "CBM 027 Extra"]
[Source "ChessBase"]
[SourceDate "1992.05.01"]
[SourceVersion "1"]
[SourceVersionDate "1992.05.01"]
[SourceQuality "1"]

1. c4 g6 2. g3 Bg7 3. Bg2 d6 4. Nc3 c5 5. e3 Nc6 6. Nge2 Nh6 7. e4 Ng4 8. d3 0-0 9. h3 Nf6 10. 0-0 Nd4 11. Nxd4 cxd4 12. Ne2 Qb6 13. Qb3 Nd7 14. Qxb6 axb6 15. Bg5 Re8 16. b3 h6 17. Bd2 Nc5 18. Nc1 b5 19. cxb5 Bd7 20. Re1 Bxb5 21. Bf1 Rec8 22. Rb1 Ne6 23. Rb2 Ra6 24. Rd1 Bd7 25. Be2 Rac6 26. a4 Rc2 27. Rb1 Nc5 28. h4 e5 29. h5 f5 30. Bb4 g5 31. f3 Bf8 32. Bd2 Be6 33. Kf1 Be7 34. Ke1 d5 35. exf5 Bxf5 36. Kf1 e4 37. Kg1 e3 38. Bb4 Bd6 39. g4 Bh7 40. Kf1 Bf8 41. Bxc5 Bxc5 42. b4 Bd6 43. Nb3 Rxe2 44. Kxe2 Rc2+ 45. Nd2 Bf4 46. Rbc1 Ra2 47. Ra1 Rb2 48. Rab1 Rc2 49. Rbc1 1/2-1/2

[Event "IND-ch"]
[Site "India"]
[Date "1988.??.??"]
[Round "?"]
[White "Gupta, Radhey S"]
[Black "Hegde, Ravi Gopal"]
[Result "1-0"]
[WhiteElo "2300"]
[BlackElo "2315"]
[PlyCount "109"]
[EventDate "1988.??.??"]
[EventType "tourn"]
[EventRounds "19"]
[EventCountry "IND"]
[EventCategory "4"]
[SourceTitle "EXT 1997"]
[Source "ChessBase"]
[SourceDate "1996.11.15"]
[SourceVersion "1"]
[SourceVersionDate "1996.11.15"]
[SourceQuality "1"]

1. e4 c5 2. Nf3 Nc6 3. Nc3 e6 4. d4 cxd4 5. Nxd4 d6 6. Bc4 a6 7. Bb3 Na5 8. 0-0 Nxb3 9. axb3 Nf6 10. Qe2 Be7 11. Rd1 Bd7 12. e5 dxe5 13. Nf3 Qc8 14. Nxe5 0-0 15. Bg5 Bc6 16. Qc4 h6 17. Nxc6 Qxc6 18. Qxc6 bxc6 19. Bxf6 Bxf6 20. Kf1 Rfd8 21. Rxd8+ Bxd8 22. Ra4 Kf8 23. Rc4 Rc8 24. Na4 Ke7 25. Nc5 a5 26. Nb7 Bb6 27. Ra4 Ra8 28. b4 Rb8 29. bxa5 Rxb7 30. Rb4 Kd6 31. Rxb6 Rxb6 32. axb6 c5 33. Ke2 Kc6 34. Kd3 Kxb6 35. Kc4 Kc6 36. c3 g6 37. b3 f6 38. b4 cxb4 39. cxb4 h5 40. h3 g5 41. b5+ Kd6 42. Kb4 f5 43. Ka5 Kc7 44. Ka6 Kb8 45. Kb6 e5 46. Kc5 g4 47. h4 Kc7 48. g3 f4 49. Kd5 Kb6 50. Kxe5 f3 51. Kf5 Kxb5 52. Kg5 Kc4 53. Kxh5 Kd3 54. Kxg4 Ke2 55. h5 1-0

[Event "IND-ch"]
[Site "India"]
[Date "1988.??.??"]
[Round "?"]
[White "Mishra, Neeraj Kumar"]
[Black "Gupta, Radhey S"]
[Result "1/2-1/2"]
[WhiteElo "2335"]
[BlackElo "2300"]
[PlyCount "50"]
[EventDate "1988.??.??"]
[EventType "tourn"]
[EventRounds "19"]
[EventCountry "IND"]
[EventCategory "4"]
[SourceTitle "EXT 1997"]
[Source "ChessBase"]
[SourceDate "1996.11.15"]
[SourceVersion "1"]
[SourceVersionDate "1996.11.15"]
[SourceQuality "1"]

1. d4 Nf6 2. c4 e6 3. g3 d5 4. Bg2 dxc4 5. Qa4+ Nbd7 6. Nd2 Be7 7. Nxc4 0-0 8. Nf3 a6 9. Nce5 c5 10. 0-0 b5 11. Qc2 Bb7 12. Nxd7 Nxd7 13. dxc5 Nxc5 14. Ng5 Bxg5 15. Qxc5 Be7 16. Qe3 Bxg2 17. Kxg2 Rc8 18. Qb3 Rc4 19. Be3 Rb4 20. Qc3 Qa8+ 21. Kg1 Rc8 22. Qa3 Qb7 23. Rac1 Rbc4 24. Qd3 Bf6 25. b3 Rc3 1/2-1/2

[Event "IND-ch"]
[Site "India"]
[Date "1988.??.??"]
[Round "?"]
[White "Ravi, Lanka"]
[Black "Gupta, Radhey S"]
[Result "1-0"]
[WhiteElo "2320"]
[BlackElo "2300"]
[PlyCount "87"]
[EventDate "1988.??.??"]
[EventType "tourn"]
[EventRounds "19"]
[EventCountry "IND"]
[EventCategory "4"]
[SourceTitle "EXT 1997"]
[Source "ChessBase"]
[SourceDate "1996.11.15"]
[SourceVersion "1"]
[SourceVersionDate "1996.11.15"]
[SourceQuality "1"]

1. d4 Nf6 2. Nf3 e6 3. c4 d5 4. Nc3 Be7 5. Bg5 h6 6. Bxf6 Bxf6 7. e3 0-0 8. Qc2 c5 9. dxc5 Qa5 10. cxd5 exd5 11. 0-0-0 Bxc3 12. Qxc3 Qxc3+ 13. bxc3 Be6 14. Nd4 Rc8 15. e4 Rxc5 16. exd5 Bxd5 17. Nb3 Bxb3 18. Rd8+ Kh7 19. axb3 Rxc3+ 20. Kb2 Rc7 21. Bd3+ g6 22. Re1 Rd7 23. Ree8 Nc6 24. Bxg6+ Kxg6 25. Rxa8 Rd2+ 26. Kc3 Rxf2 27. b4 a6 28. Rg8+ Kf6 29. Rg3 Ke7 30. Rh8 Rf4 31. Re3+ Kd7 32. Rf3 Rxb4 33. Rxh6 a5 34. Rxf7+ Ne7 35. Rhh7 Re4 36. Kd3 Re6 37. h4 Kd6 38. h5 b5 39. h6 Nc6 40. Rb7 Ne5+ 41. Kc2 Rg6 42. Rbg7 Rf6 43. Rh8 Rf2+ 44. Kd1 1-0

[Event "IND-ch"]
[Site "India"]
[Date "1988.??.??"]
[Round "?"]
[White "Thipsay, Praveen Mahadeo"]
[Black "Gupta, Radhey S"]
[Result "1-0"]
[WhiteElo "2420"]
[BlackElo "2300"]
[PlyCount "72"]
[EventDate "1988.??.??"]
[EventType "tourn"]
[EventRounds "19"]
[EventCountry "IND"]
[EventCategory "4"]
[SourceTitle "EXT 1997"]
[Source "ChessBase"]
[SourceDate "1996.11.15"]
[SourceVersion "1"]
[SourceVersionDate "1996.11.15"]
[SourceQuality "1"]

1. e4 e5 2. Nf3 Nc6 3. Bb5 g6 4. c3 a6 5. Ba4 d6 6. d4 Bd7 7. 0-0 Bg7 8. h3 Nf6 9. Nbd2 Qe7 10. Re1 0-0 11. Nf1 Rfe8 12. Ng3 h6 13. Bc2 Rad8 14. d5 Nb8 15. c4 a5 16. Bd2 b6 17. a3 Rc8 18. Bd3 Nh7 19. b4 axb4 20. axb4 Qf8 21. Qc2 Bf6 22. Ra7 h5 23. Be3 h4 24. Nf1 Be7 25. c5 bxc5 26. bxc5 Red8 27. c6 Be8 28. Bd2 Bf6 29. Ba5 Qe7 30. Rb1 g5 31. N3h2 Bg7 32. Ng4 f5 33. exf5 Nf6 34. Nxf6+ Bxf6 35. Rbb7 e4 36. Bxe4 Qe5 1-0

[Event "Baden-Baden op"]
[Site "Baden-Baden"]
[Date "1987.??.??"]
[Round "8"]
[White "Gupta, Radhey S"]
[Black "Schneider, Bernd"]
[Result "1-0"]
[WhiteElo "2310"]
[BlackElo "2200"]
[PlyCount "85"]
[EventDate "1987.07.??"]
[EventType "swiss"]
[EventRounds "9"]
[EventCountry "GER"]
[SourceTitle "TD"]
[Source "ChessBase"]
[SourceDate "1994.03.01"]
[SourceVersion "1"]
[SourceVersionDate "1994.03.01"]
[SourceQuality "1"]

1. d4 g6 2. c4 Bg7 3. g3 d6 4. Bg2 Nf6 5. Nf3 0-0 6. 0-0 Nbd7 7. Nc3 e5 8. e4 exd4 9. Nxd4 Re8 10. h3 c6 11. Be3 Nc5 12. Qc2 a5 13. Rad1 Nfd7 14. b3 Qe7 15. Rfe1 Ne5 16. f4 Ned7 17. Bf2 Nf8 18. Re2 Bd7 19. Red2 Rad8 20. a3 Nfe6 21. Nde2 Bc8 22. b4 axb4 23. axb4 Na6 24. Qb3 h5 25. Na4 b5 26. cxb5 cxb5 27. Nac3 Nec7 28. Nd4 Bd7 29. h4 Nb8 30. Nd5 Nxd5 31. exd5 Rc8 32. Bf1 Kh7 33. Nxb5 Bxb5 34. Bxb5 Rc3 35. Qb1 Rec8 36. Bf1 Nd7 37. Re2 Qd8 38. Bh3 Rb8 39. Rde1 Nf6 40. Re7 Kg8 41. b5 Nxd5 42. Rd7 Qf8 43. Rxf7 1-0